[Event "Klatovy op-A"]
[Site "Klatovy"]
[Date "2007.07.04"]
[Round "5"]
[White "Cuhra, Martin"]
[Black "Krejci, Stephen"]
[Result "1/2-1/2"]
[WhiteElo "2093"]
[BlackElo "1885"]
[PlyCount "108"]
[EventDate "2007.06.30"]
[EventType "swiss"]
[EventRounds "9"]
[EventCountry "CZE"]
[SourceTitle "CBM 119 Extra"]
[Source "ChessBase"]
[SourceDate "2007.09.04"]
[SourceVersion "1"]
[SourceVersionDate "2007.09.04"]
[SourceQuality "1"]

1. e4 e5 2. Nf3 Nf6 3. Bc4 Nxe4 4. Nc3 Nc6 5. Nxe4 d5 6. Bd3 dxe4 7. Bxe4 Bd6 8. c3 0-0 9. d3 h6 10. Be3 f5 11. Bd5+ Kh8 12. Qe2 Qe7 13. h4 Be6 14. Bxe6 Qxe6 15. h5 Be7 16. d4 Rae8 17. Nxe5 Nxe5 18. dxe5 Qxe5 19. Bd4 Qd5 20. 0-0 Bf6 21. Qc2 f4 22. Bxf6 Rxf6 23. Qa4 b5 24. Qxa7 f3 25. Rfe1 Ref8 26. Qd4 Qxh5 27. Re5 Qg6 28. g3 Rf4 29. Qc5 c6 30. Rae1 Kh7 31. Qe7 Qg4 32. Kh2 R8f7 33. Qe6 R4f5 34. Rxf5 Rxf5 35. Qe4 Qh5+ 36. Qh4 Qg6 37. Qe4 Rh5+ 38. Kg1 Qxe4 39. Rxe4 Rd5 40. g4 Rd2 41. Rb4 Kg6 42. Kh2 Rxf2+ 43. Kg3 Rf1 44. c4 f2 45. cxb5 cxb5 46. Kg2 Rd1 47. Kxf2 Rd5 48. Kf3 h5 49. gxh5+ Kxh5 50. a4 bxa4 51. Rxa4 g5 52. b4 Kh4 53. b5+ Kh3 54. Rb4 g4+ 1/2-1/2

[Event "Klatovy op-A"]
[Site "Klatovy"]
[Date "2007.07.03"]
[Round "4"]
[White "Krejci, Stephen"]
[Black "Cvikl, Michal"]
[Result "1-0"]
[WhiteElo "1885"]
[BlackElo "2085"]
[PlyCount "57"]
[EventDate "2007.06.30"]
[EventType "swiss"]
[EventRounds "9"]
[EventCountry "CZE"]
[SourceTitle "CBM 119 Extra"]
[Source "ChessBase"]
[SourceDate "2007.09.04"]
[SourceVersion "1"]
[SourceVersionDate "2007.09.04"]
[SourceQuality "1"]

1. Nf3 c5 2. c4 Nf6 3. d4 cxd4 4. Nxd4 Nc6 5. Nc3 g6 6. g3 Bg7 7. Bg2 0-0 8. 0-0 Qb6 9. e3 d6 10. b3 Nxd4 11. exd4 e6 12. Be3 Qa6 13. Nb5 Ne8 14. Bg5 f6 15. Be3 Qa5 16. Qd3 a6 17. Bd2 Qb6 18. Nc3 f5 19. Be3 Bd7 20. Rad1 Qc7 21. Bf4 h6 22. c5 Rc8 23. Rc1 Bc6 24. d5 exd5 25. Nxd5 Qf7 26. Rfe1 Nf6 27. Re7 Bxd5 28. Rxf7 Bxf7 29. Bxd6 1-0

[Event "Klatovy op-A"]
[Site "Klatovy"]
[Date "2007.07.02"]
[Round "3"]
[White "Krejci, Stephen"]
[Black "Skoda, Martin"]
[Result "1/2-1/2"]
[WhiteElo "1885"]
[BlackElo "1998"]
[PlyCount "140"]
[EventDate "2007.06.30"]
[EventType "swiss"]
[EventRounds "9"]
[EventCountry "CZE"]
[SourceTitle "CBM 119 Extra"]
[Source "ChessBase"]
[SourceDate "2007.09.04"]
[SourceVersion "1"]
[SourceVersionDate "2007.09.04"]
[SourceQuality "1"]

1. b4 e6 2. Bb2 Nf6 3. a3 d5 4. g3 c5 5. bxc5 Bxc5 6. d4 Bd6 7. Nd2 0-0 8. Bg2 Nc6 9. c4 Re8 10. Ngf3 e5 11. cxd5 Nxd5 12. dxe5 Bf8 13. 0-0 Bg4 14. Qb3 Nb6 15. Rfd1 Qe7 16. h3 Be6 17. Qe3 Nd5 18. Qe4 Rad8 19. Nc4 Qc7 20. Ng5 g6 21. Qh4 h5 22. Rac1 Be7 23. Nd6 Bxd6 24. exd6 Qa5 25. Nxe6 Rxe6 26. Rxd5 Qb6 27. Rxc6 bxc6 28. Qd4 Qxd4 29. Rxd4 Rdxd6 30. Kf1 Rxd4 31. Bxd4 a6 32. e3 Kf8 33. Ke2 Ke7 34. Kd3 f5 35. Kc4 Kd6 36. f4 Kc7 37. Kc5 Kb7 38. Be5 g5 39. Bf3 g4 40. hxg4 hxg4 41. Bg2 Rh6 42. Bd6 Rh3 43. Bxc6+ Kc8 44. e4 fxe4 45. Bxe4 Rxg3 46. f5 Rg1 47. f6 Rf1 48. Be7 g3 49. Kb6 Kd7 50. Bc6+ Ke6 51. Kxa6 Rf2 52. a4 g2 53. Bxg2 Rxg2 54. a5 Ra2 55. Kb6 Rb2+ 56. Ka7 Kf7 57. a6 Ke6 58. Bd8 Kf7 59. Bb6 Ra2 60. Bd4 Ra4 61. Be5 Ra3 62. Kb6 Rb3+ 63. Kc5 Ra3 64. Kb5 Ke6 65. Bd4 Kf7 66. Kb6 Rb3+ 67. Kc7 Ra3 68. Kb7 Rb3+ 69. Ka8 Ra3 70. a7 Rb3 1/2-1/2

[Event "Klatovy op-A"]
[Site "Klatovy"]
[Date "2007.06.30"]
[Round "1"]
[White "Krejci, Stephen"]
[Black "Cekan, Petr"]
[Result "1/2-1/2"]
[WhiteElo "1885"]
[BlackElo "1972"]
[PlyCount "130"]
[EventDate "2007.06.30"]
[EventType "swiss"]
[EventRounds "9"]
[EventCountry "CZE"]
[SourceTitle "CBM 119 Extra"]
[Source "ChessBase"]
[SourceDate "2007.09.04"]
[SourceVersion "1"]
[SourceVersionDate "2007.09.04"]
[SourceQuality "1"]

1. Nf3 Nf6 2. c4 c5 3. Nc3 Nc6 4. d4 cxd4 5. Nxd4 d6 6. g3 g6 7. Bg2 Bd7 8. 0-0 Bg7 9. e3 0-0 10. b3 Qc8 11. Re1 Bh3 12. Bh1 Bg4 13. Qd2 Nd7 14. Nd5 Re8 15. Bb2 Nde5 16. f4 Nd7 17. Rac1 Nf6 18. Nxc6 bxc6 19. Nxf6+ Bxf6 20. Bxf6 exf6 21. Qxd6 Re6 22. Qb4 Qd7 23. Rc2 Rd8 24. c5 f5 25. Qc3 h5 26. h4 Qd3 27. Qxd3 Rxd3 28. Kf2 Kf8 29. Bf3 Bxf3 30. Kxf3 Re7 31. Rc4 Ke8 32. Re2 Red7 33. Ra4 Kd8 34. Ra6 Rc7 35. Ra4 Rcd7 36. Kf2 Kc8 37. e4 fxe4 38. Raxe4 Kb7 39. Re7 Ka6 40. R2e3 R3d5 41. Rxd7 Rxd7 42. a3 Kb5 43. b4 a5 44. bxa5 Kxc5 45. Re5+ Kc4 46. f5 Kd4 47. Re1 Ra7 48. fxg6 fxg6 49. Re6 Rxa5 50. Rxc6 Rxa3 51. Rxg6 Ke4 52. Kg2 Ra8 53. Re6+ Kd4 54. Re7 Rf8 55. Kh3 Rf5 56. Re8 Kd5 57. Kg2 Kd4 58. g4 Rf4 59. gxh5 Rxh4 60. Rh8 Ke5 61. Kg3 Rh1 62. Kg4 Rg1+ 63. Kh4 Kf6 64. Rf8+ Kg7 65. Rf4 Kh6 1/2-1/2